000 00513nam a22001697a 4500
005 20251108171004.0
008 250721s1998 xx 000 0 ara d
082 1 4 _a910.4/ريم
100 1 _aالريماوي، حسين
245 1 0 _aمدخل إلى السياحة و الإستجمام و التنزه /
264 1 _aعمان :
_bدار النظم للنشر،
_c1998.
300 _a191ص
650 1 7 _aالسياحة
650 1 7 _aالرحلات و الأسفار
942 _2ddc
_cBK
999 _c53792
_d53792